| 000 | 00850nam a2200277Ia 4500 | ||
|---|---|---|---|
| 003 | GCL | ||
| 008 | 140319s9999 xx 000 0 ara d | ||
| 020 | _a0995742363 | ||
| 040 |
_aGCL / _cGCL |
||
| 082 | 0 | 4 |
_a154 _bا ا |
| 100 | 1 | _aاحمد توفيق | |
| 245 | 1 | 0 |
_aالايحاء العقلى / _cاحمد توفيق |
| 250 | _aالاولى | ||
| 260 |
_aالاردن : _bدار عالم الثقافة للنشر والتوزيع ، _c2006 |
||
| 300 |
_a272 ص ؛ _c24 سم |
||
| 650 | 0 | 4 | _aعلم النفس |
| 650 | 0 | 4 | _aالتحليل النفسى |
| 650 | 0 | 4 | _aالشخصية |
| 650 | 0 | 4 | _aالتنويم المغناطيسى |
| 650 | 0 | 4 | _aالامراض النفسية |
| 650 | 0 | 4 | _aاليوجا |
| 650 | 0 | 4 | _aالعقل الباطن |
| 650 | 0 | 4 | _aالتخيل |
| 650 | 0 | 4 | _aالروح المعنوية |
| 942 |
_2ddc _cBK |
||
| 999 |
_c10105 _d10105 |
||